| 000 | 00428nam a22001457a 4500 | ||
|---|---|---|---|
| 003 | SGT | ||
| 020 | _a9781455704354 | ||
| 082 |
_a617.63 _bE11J |
||
| 100 | _a John R. Calamia, Richard Trushkowsky | ||
| 245 | _aUpdate on Esthetic and Cosmetic Dentistry for Modern Dental Practice | ||
| 260 |
_aLondon, United Kingdom _bElsevier Health Sciences _c2011 |
||
| 300 | _a187-417 | ||
| 650 | _aCONSERVATIVE DENTISTRY | ||
| 942 |
_2ddc _cBK |
||
| 999 |
_c18063 _d18063 |
||